ბათუმის შოთა რუსთაველის სახელმწიფო უნივერსიტეტის ბიბლიოთეკა

ქვები გზაზე. (ბიბ.ჩანაწერი № 43950)

000 -LEADER
fixed length control field 00746nam a2200217Ia 4500
001 - CONTROL NUMBER
control field 10699
003 - CONTROL NUMBER IDENTIFIER
control field GE_BSU
008 - FIXED-LENGTH DATA ELEMENTS--GENERAL INFORMATION
fixed length control field 181216s||||||||xx |||||||||||||| ||und||
040 ## - CATALOGING SOURCE
Transcribing agency GE_BSU
080 ## - UNIVERSAL DECIMAL CLASSIFICATION NUMBER
Universal Decimal Classification number 821.353.1-32
100 ## - MAIN ENTRY--PERSONAL NAME
Personal name ფხაკაძე,სერგო
245 ## - TITLE STATEMENT
Title ქვები გზაზე.
245 ## - TITLE STATEMENT
Remainder of title მოთხრობები.
245 ## - TITLE STATEMENT
Statement of responsibility, etc. რედ.თეიმურაზ ლანჩავა;მხატვ.სოსო ქობალია.
260 ## - PUBLICATION, DISTRIBUTION, ETC.
Place of publication, distribution, etc. თბილისი.
260 ## - PUBLICATION, DISTRIBUTION, ETC.
Name of publisher, distributor, etc. საბჭ.საქართველო,ქუთაისის ფილიალი.
260 ## - PUBLICATION, DISTRIBUTION, ETC.
Date of publication, distribution, etc. 1979.
300 ## - PHYSICAL DESCRIPTION
Extent 191გვ;16სმ.
653 ## - INDEX TERM--UNCONTROLLED
Uncontrolled term ქვები გზაზე.
942 ## - ADDED ENTRY ELEMENTS (KOHA)
Koha item type წიგნი
ეგზემპლარები
Withdrawn status Lost status Damaged status Not for loan Date acquired Barcode Date last seen Price effective from Koha item type
        2018-12-17 34970 2018-12-17 2018-12-17 წიგნი